LEADER 01381nam 2200409 450 001 000003405 005 20070503173000.0 010 $a88-7075-358-1$dL. 30000 100 $a--------d1993----km-y0itay0103----ba 101 0 $aita 102 $aIT 200 1 $a<> pubblicazioni minori e non convenzionali$eguida alla gestione$fAlessandro Sardelli 200 1 $a1 $n0000202 210 $aMilano$cEditrice Bibliografica$d1993 215 $a217 p.$d21 cm. 225 1 $aBibliografia e biblioteconomia$v45 606 $aPubblicazioni minori 676 $a025.172 700 1$aSardelli,$bAlessandro$043878 801 0$aIT$bUniversità della Basilicata - B.I.A.$gRICA$2unimarc 912 $a000003405 996 $aPubblicazioni minori e non convenzionali$972399 997 $aUNIBAS BAS $aMONLET BAS $aMONOGR BAS $aLETTERE CAT $aMAZZEI$b01$c19991018$lBAS01$h1130 CAT $c20000920$lBAS01$h1831 CAT $c20001010$lBAS01$h1634 CAT $c20050601$lBAS01$h1753 CAT $abatch$b01$c20050718$lBAS01$h1048 CAT $c20050718$lBAS01$h1107 CAT $c20050718$lBAS01$h1137 CAT $c20050718$lBAS01$h1151 CAT $aBATCH$b00$c20070503$lBAS01$h1730 FMT Z30 -1$lBAS01$LBAS01$mBOOK$1BASA1$APolo Storico-Umanistico$2DSLA$BCollezione DiSSLA$3DD/4364$64364$5D4364$819991028$f04$FPrestabile Didattica LEADER 01162nam a22002651i 4500 001 991001623909707536 005 20031201160250.0 008 040407s1971 it a||||||||||||||||ita 035 $ab12798605-39ule_inst 035 $aARCHE-077823$9ExL 040 $aDip.to Scienze Storiche$bita$cA.t.i. Arché s.c.r.l. Pandora Sicilia s.r.l. 082 04$a709 245 00$aFirenze e l'Inghilterra :$brapporti artistici e culturali dal XVI al XIX secolo : Firenze, Palazzo Pitti : luglio-settembre 1971 260 $aFirenze :$bCentro Di,$c1971 300 $a1 v. :$bill. ;$c23 cm 440 0$aCataloghi 650 4$aFirenze e Inghilterra$xRelazioni artistiche e culturali$ySec. 16.-20.$xEsposizioni$y1971 700 1 $aWebster, Mary 907 $a.b12798605$b02-04-14$c16-04-04 912 $a991001623909707536 945 $aLE009 LA IV C 111$g1$i2009000243842$lle009$o-$pE0.00$q-$rn$so $t0$u0$v0$w0$x0$y.i13344973$z16-04-04 945 $aLE009 LA VII C 34$g2$iLE009S.i.-00063$lle009$o-$pE0.00$q-$rn$so $t0$u0$v0$w0$x0$y.i13344985$z16-04-04 996 $aFirenze e l'Inghilterra$9293794 997 $aUNISALENTO 998 $ale009$b16-04-04$cm$da $e-$fita$git $h0$i2 LEADER 03104 am 2200817 n 450 001 9910136312203321 005 20150408 010 $a2-7535-4787-4 024 7 $a10.4000/books.pur.11888 035 $a(CKB)3710000000586555 035 $a(FrMaCLE)OB-pur-11888 035 $a(oapen)https://directory.doabooks.org/handle/20.500.12854/46729 035 $a(PPN)195772911 035 $a(EXLCZ)993710000000586555 100 $a20160202j|||||||| ||| 0 101 0 $afre 135 $auu||||||m|||| 181 $ctxt$2rdacontent 182 $cc$2rdamedia 183 $acr$2rdacarrier 200 10$aErrance et marginalité dans la littérature $eCahier XXXII /$fArlette Bouloumié 210 $aAngers $cPresses universitaires de Rennes$d2015 215 $a1 online resource (282 p.) 311 $a2-915751-15-3 330 $aL'errant qui s'éloigne du « droit chemin » est souvent perçu comme un marginal et son errance dès lors vécue comme une punition, voire une malédiction. Mais cette punition peut être une épreuve conduisant à une régénération. L'errance marque une étape de rupture avec le groupe, pérégrination qui met en péril l'identité voire l'intégrité du moi qui se dissout pour renaître autre. Cet ouvrage explore la présence de ce thème aux multiples facettes dans la littérature en privilégiant la période contemporaine. 606 $aLiterature (General) 606 $aerrance 606 $alittérature 606 $amarginalité 606 $adéracinement 610 $aerrance 610 $amarginalité 610 $alittérature 610 $adéracinement 615 4$aLiterature (General) 615 4$aerrance 615 4$alittérature 615 4$amarginalité 615 4$adéracinement 700 $aAndré$b Marie-Odile$0388697 701 $aArrouye$b Jean$0591936 701 $aBaranowski$b Anne-Marie$01281329 701 $aBerthelot$b Francis$0593716 701 $aBouguerra$b Mohamed Ridha$0609766 701 $aBouloumié$b Arlette$0681556 701 $aCavallero$b Claude$01283387 701 $aCesbron$b Georges$0131469 701 $aFabre$b Bruno$01283058 701 $aGaland$b David$01283388 701 $aGalang$b David$01283389 701 $aGaudin$b Françoise$01283390 701 $aGourmelen$b Laurent$0604516 701 $aHerzfeld$b Claude$0175965 701 $aKober$b Marc$01283391 701 $aLair$b Samuel$01283392 701 $aLardoux$b Jacques$01233282 701 $aMenou$b Hervé$01283393 701 $aMichel$b Pierre$0369105 701 $aNan$b Frédérique Le$01283394 701 $aNéry$b Alain$01283395 701 $aNicol$b Françoise$01283396 701 $aShinoda$b Chiwaki$01283397 701 $aTrivisani-Moreau$b Isabelle$01283398 701 $aVareille$b Arnaud$01283399 701 $aVigneron$b Fleur$0176074 701 $aBouloumié$b Arlette$0681556 801 0$bFR-FrMaCLE 906 $aBOOK 912 $a9910136312203321 996 $aErrance et marginalité dans la littérature$93019136 997 $aUNINA